Language Quiz

Random Language or Color Quiz

Spanish: Colors Quiz Stats

 Plays Quiz Updated Mar 19, 2020

     
Support Sporcle.
Go Orange.
Score 0/10 Timer 03:00
37 Plays Today
% Correct
Rojo
94.8%
Verde
93.6%
Blanco
93.3%
Azul
92.9%
Negro
91.7%
Amarillo
81.8%
Rosado
74.9%
Anaranjado
73.1%
Gris
70.5%
Púrpura, morado or Violeta
57%

From the Vault

Closest NFL Teams to Mexico

by Darzlat

Sports 3m
Any closer to Mexico, and they'd be playing Soccer, not Football.
Remove Ads.
Support Sporcle.
Get the best of Sporcle when you Go Orange. This ad-free experience offers more features, more stats, and more fun while also helping to support Sporcle. Thank you for becoming a member.

Show Comments

Extras

Top Quizzes Today


Score Distribution

Your Account Isn't Verified!

In order to create a playlist on Sporcle, you need to verify the email address you used during registration. Go to your Sporcle Settings to finish the process.

Report this User

Report this user for behavior that violates our Community Guidelines.

Details: